| 000 | 01417cam a22003734a 4500 | ||
|---|---|---|---|
| 001 | 15255109 | ||
| 003 | PILC | ||
| 005 | 20150909114247.0 | ||
| 008 | 080404s2009 njua b 001 0 eng | ||
| 010 | _a 2008015620 | ||
| 016 | 7 |
_a101470730 _2DNLM |
|
| 020 | _a9780132434898 | ||
| 020 | _a013243489X | ||
| 035 | _a(OCoLC)222134609 | ||
| 040 |
_aDNLM/DLC _cDLC _dNLM _dBAKER _dBTCTA _dC#P _dYDXCP _dCDX _dDLC |
||
| 042 | _apcc | ||
| 050 | 0 | 0 |
_aRC 440 _b.K646 2009 |
| 082 | 0 | 0 | _a616.89/0231 |
| 100 | 1 | _aKneisl, Carol Ren. | |
| 245 | 1 | 0 |
_aContemporary psychiatric-mental health nursing / _cCarol Ren Kneisl, Eileen Trigoboff. |
| 250 | _a2nd edition. | ||
| 260 |
_aUpper Saddle River, N.J. : _bPearson Prentice Hall, _c2009. |
||
| 300 |
_axxxvi, 988 pages : _billustrations ; _c29 cm. |
||
| 500 | _aIncludes bibliographical references and index. | ||
| 538 | _aSystem requirements for accompanying CD-ROM: for Macintosh and Windows. | ||
| 650 | 0 | _aPsychiatric nursing. | |
| 650 | 1 | 2 |
_aMental Disorders _xnursing. |
| 650 | 2 | 2 |
_aPsychiatric Nursing _xmethods. |
| 700 | 1 | _aTrigoboff, Eileen. | |
| 856 | 4 | 1 |
_3Table of contents only _uhttp://www.loc.gov/catdir/toc/ecip0815/2008015620.html |
| 906 |
_a7 _bcbc _corignew _d1 _eecip _f20 _gy-gencatlg |
||
| 942 |
_2lcc _cBK |
||
| 999 |
_c288660 _d288660 |
||